书目信息 |
| 题名: |
星空摄影秘境
|
|
| 作者: | 阿五在路上 著 | |
| 分册: | ||
| 出版信息: | 北京 电子工业出版社 2018 |
|
| 页数: | 297页 | |
| 开本: | 26cm | |
| 丛书名: | ||
| 单 册: | ||
| 中图分类: | J417 | |
| 科图分类: | ||
| 主题词: | 星系--夜间摄影--摄影艺术 | |
| 电子资源: | ||
| ISBN: | 978-7-121-34830-3 | |
| 000 | 00964nam0 2200229 45 | |
| 001 | 438714 | |
| 005 | 20140102082913.0 | |
| 010 | @a978-7-121-34830-3@dCNY128.00 | |
| 100 | @a20181022d2018 em y0chiy50 ea | |
| 101 | 0 | @achi |
| 102 | @aCN@b110000 | |
| 105 | @aa z 000yy | |
| 106 | @ar | |
| 200 | 1 | @a星空摄影秘境@9xing kong she ying mi jing@b专著@f阿五在路上著 |
| 210 | @a北京@c电子工业出版社@d2018 | |
| 215 | @a297页@c彩图@d26cm | |
| 330 | @a本书是一本以拍摄目的地为线索的星空摄影实战指南。笔者对星野拍摄的前期准备、中期拍摄、后期修图等全方位星野拍摄内容进行了阐述,更加细致的对南北半球最佳星空观测地,从路线规划、如何到达、不同月份时地景和银河怎样构图、拍摄前期思路与实操参数等方面给出完整解析。每幅作品都标注了详细的拍摄参数和拍摄过程解析,最大程度方便读者进行学习和借鉴。 | |
| 606 | 0 | @a星系@x夜间摄影@x摄影艺术 |
| 690 | @aJ417@v5 | |
| 701 | 0 | @a阿五在路上@9a wu zai lu shang@4著 |
| 801 | 2 | @aCN@b上海新华@c20191020 |
| 905 | @b1186147-9@dJ417@e400@f3 | |
| 星空摄影秘境/阿五在路上著.-北京:电子工业出版社,2018 |
| 297页:彩图;26cm |
| ISBN 978-7-121-34830-3:CNY128.00 |
| 本书是一本以拍摄目的地为线索的星空摄影实战指南。笔者对星野拍摄的前期准备、中期拍摄、后期修图等全方位星野拍摄内容进行了阐述,更加细致的对南北半球最佳星空观测地,从路线规划、如何到达、不同月份时地景和银河怎样构图、拍摄前期思路与实操参数等方面给出完整解析。每幅作品都标注了详细的拍摄参数和拍摄过程解析,最大程度方便读者进行学习和借鉴。 |
| ● |
| 相关链接 |
|
|
|
|
正题名:星空摄影秘境
索取号:J417/400
 
预约/预借
| 序号 | 登录号 | 条形码 | 馆藏地/架位号 | 状态 | 备注 |
| 1 | 1186147 | 211861476 | 第一样本阅览室/ [索取号:J417/400] | 在馆 | |
| 2 | 1186148 | 211861485 | 第一借阅区/ [索取号:J417/400] | 在馆 | |
| 3 | 1186149 | 211861494 | 第一借阅区/ [索取号:J417/400] | 在馆 |